Hệ thống hoá văn bản pháp luật về đầu tư nước ngoài tại Việt Nam = Systemizing Legal Documents on Foreign Investment in Vietnam ( Song ngữ Anh - Việt) :
সংরক্ষণ করুন:
| বিন্যাস: | Sách giấy |
|---|---|
| ভাষা: | Vietnamese English |
| প্রকাশিত: |
Hà Nội :
Pháp lý ,
1993
|
| ট্যাগগুলো: |
ট্যাগ যুক্ত করুন
কোনো ট্যাগ নেই, প্রথমজন হিসাবে ট্যাগ করুন!
|
| Thư viện lưu trữ: | Thư viện Trường Đại học Đà Lạt |
|---|
| LEADER | 00690nam a2200241 4500 | ||
|---|---|---|---|
| 001 | DLU020011976 | ||
| 005 | ##5/19/2000 | ||
| 020 | # | # | |a 978- |
| 041 | # | # | |a vie |a eng |
| 082 | # | # | |a 346.07 |b VIE |
| 090 | # | # | |a 346.07 |b VIE |
| 245 | # | # | |a Hệ thống hoá văn bản pháp luật về đầu tư nước ngoài tại Việt Nam = |b Systemizing Legal Documents on Foreign Investment in Vietnam ( Song ngữ Anh - Việt) : |b t. I |
| 260 | # | # | |a Hà Nội : |b Pháp lý , |c 1993 |
| 300 | # | # | |a 772 tr.; |c 20 cm. |
| 992 | # | # | |a 55000 |
| 994 | # | # | |a DLU |
| 900 | # | # | |a False |
| 911 | # | # | |a Administrator |
| 925 | # | # | |a G |
| 926 | # | # | |a A |
| 927 | # | # | |a SH |
| 980 | # | # | |a Thư viện Trường Đại học Đà Lạt |